| 000 | 00884nam a22003017a 4500 | ||
|---|---|---|---|
| 001 | 0001175 | ||
| 003 | KOHA_MİRAKIL | ||
| 005 | 20260207001233.0 | ||
| 007 | ta | ||
| 008 | 081212b1998 tu |||gr||||#||||0|tur | | ||
| 020 | _cYTL21,69 | ||
| 040 |
_aTR-BiSEU _btur _cTR-BiSEU _erda |
||
| 041 | 0 | _atur | |
| 044 | _ctu | ||
| 050 |
_aKKX78.B87 _bA93 1998 |
||
| 100 | 1 | _aAvcı, Adnan. | |
| 245 | 1 |
_aİşyeri açma - işletme rehberi ve mevzuatı/ _cAdnan Avcı ; Adnan Avcı. |
|
| 250 | _a3. bs. | ||
| 264 | 1 |
_aİstanbul : _bAlfa Yayınları _c1998 |
|
| 300 | _a720 sayfa; 25 cm. | ||
| 336 |
_ametin _btxt _2rdacontent |
||
| 337 |
_aaracısız _bn _2rdamedia |
||
| 338 |
_acilt _bnc _2rdacarrier |
||
| 650 | 0 |
_aBusiness law--Turkey. _94107 |
|
| 650 | 0 |
_aTrade regulation--Turkey. _94108 |
|
| 650 | 0 |
_aBusiness enterprises--Law and legislation--Turkey. _93256 |
|
| 942 |
_2lcc _cBK |
||
| 999 |
_c1170 _d1170 |
||